000 00519nam a2200193Ia 4500
003 GCL
008 140319s9999 xx 000 0 eng d
040 _aGCL /
_cGCL
082 0 4 _a883.0109
_bT R
100 1 _aTOOHEY, PETER
245 1 0 _aREADING EPIC: AN INTRODUCTION TO THE ANCIENT NARRATIVES /
_cTOOHEY, PETER
260 _a[S.N] :
_bROUTLEDGE ،
_c1992
300 _a248 P
650 0 4 _aLITERATURE - HISTORY
650 0 4 _aGREECE
650 0 4 _aCLASSICAL LITERATURE
650 0 4 _aEPIC POETRY
942 _2ddc
_cBK
999 _c24631
_d24631